02187nab a2200277uuc45000010008000000030004000080050017000120080041000290350012000700350021000820400013001030410008001161000049001242450132001735201128003056500031014336500046014646500045015106500037015557000048015927000048016407000056016887730131017449420015018759990019018901233368OSt20241119092336.0110225e20100701 spa  a1233368 a(OCoLC)820576318 ccomduadb aspa10aSoler Sarradell, Juan Jose4auteaut961569710aValidez de criterio y confiabilidad del "Four by One Day Physical Activity Questionnaire" en población adolescente española3 aEn este trabajo se ha realizado un estudio de confiabilidad y validez del cuestionario "Four by One-Day Physical Activity Questionnaire" en 37 sujetos de (13,6 ± 1,13) años. Para validarlo, comparamos el gasto energético medio diario en METs, derivado de las actividades moderadas o vigorosas, obtenido mediante el cuestionario, con la media de pasos diarios y con los minutos registrados en diferentes límites de FC, que corresponden a actividades de carácter moderado o vigoroso. Los valores obtenidos en test-retest oscilan entre r=0,84 y r=0,93 (p<0,05), para las diferentes tipologías de cuestionarios. Este cuestionario está modesto pero significativamente correlacionado (p=0,01) con los minutos por encima del 50% de la frecuencia cardiaca de reserva (r=0,578), con los minutos por encima del 60% del índice cardiaco máximo (r=0,596), con los minutos por encima de 140 pul/min (r=0,625) y con los pasos medios diarios (r=0,672). Los resultados obtenidos demuestran que este cuestionario puede ser una medida válida y fiable para conocer los niveles de AF de la población adolescente española. 0aActividad física9220891 aEducación fisica en adolescentes937619 aEjercicio fisico en adolescentes9163281 aEstudios de validación915269810aGenerelo Lanaspa, Eduardo4auteaut961490110aZaragoza Casterad, Javier4auteaut961310710aJulián Clemente, José Antonio4auteaut96166380 tApunts : Educación Física y Deportes (Barcelona)gNúmero 101, Julio-Septiembre 2010, p. 19-24w954005x1577-40150374293 cARIMP2ddc c574859d574859